000 00854cam a22002771 4500
001 34085
003 BD-RjUL
005 20211209052114.0
008 140514t1970 ii b 001 0 eng d
035 _a(BD-RjUL)34179
040 _aDLC
_cDLC
_dDLC
_dBD-RjUL
_beng
041 _aeng
082 0 0 _a301.3640954
_bPAI 1970
100 1 _aPandey, Pradyumna,
_d1932-
_9103606
245 1 0 _aImpact of industrialisation on urban growth :
_ba case study of Chhotanagpur /
_cby P. Pandeya.
250 _a[1st ed.].
260 _aAllahabad :
_bCentral Book Depot,
_c1970.
300 _a258 p. :
_bill. ;
_c22 cm.
350 _a25.00
504 _aincludes index.
650 0 _aIndustrialization
_zIndia
_zChota Nāgpur.
_9103607
650 0 _aUrbanization
_zIndia
_zChota Nāgpur.
_9103608
942 _2ddc
_cBK
999 _c34085
_d34085